| 000 | 00599nam a22001937a 4500 | ||
|---|---|---|---|
| 003 | OSt | ||
| 005 | 20160105152030.0 | ||
| 008 | 130629t xxu||||| |||| 00| 0 eng d | ||
| 050 |
_aT 145 _b.In61 2007 |
||
| 082 |
_aIB GUIDES _bIBO 2009 |
||
| 110 |
_aInternational Baccalaureate _920125 |
||
| 245 |
_aDesign technology guide : _cInternational Baccalaureate Organization |
||
| 260 |
_aBuenos Aires : _bInternational Baccalaureate, _c2007. |
||
| 300 |
_a170 p. ; _c29 cm. |
||
| 440 |
_aFirst examinations 2009. _914674 |
||
| 650 |
_aTechnology _xGuide. _920126 |
||
| 942 |
_2lcc _cBK |
||
| 999 |
_c3393 _d3393 |
||